| 000 | 00827nam a2200181Ia 4500 | ||
|---|---|---|---|
| 008 | 0000001994 sp z 0000000000eng00 | ||
| 090 | _aPSP00 A87 | ||
| 245 | 1 | 0 | _aAurora Cañero ; Manuel Huertas Torrejón ; Montserrat Masdeu |
| 300 |
_a1 plegable [10] p. _c/ 22 cm. |
||
| 500 | _aExposición realizada en Galería Kreisler, Madrid, Enero Febrero, 1994 \ Con el patronazgo del maestro venezolano Jesús Rafael Soto (q.e.p.d.) | ||
| 600 | 0 | 0 |
_aCAñERO, AURORA / _xTRABAJOS PICTORICOS \ HUERTAS TORREJON, MANUEL, 1953/ _xTRABAJOS PICTORICOS \ MASDEU, MONTSERRAT, 1947 / _xTRABAJOS PICTORICOS |
| 650 | 1 | 4 | _aARTE CONTEMPORANEO ESPAÑOL |
| 650 | 1 | 4 | _xCATALOGOS |
| 650 | 1 | 4 | _xEXPOSICIONES |
| 650 | 1 | 4 | _aPINTORES ESPAÑOLES |
| 650 | 1 | 4 | _aPINTURA ESPAÑOLA |
| 999 |
_c1838 _d1838 |
||
| 260 |
_aCoral Gables : Kreisler Art Gallery _c1994 |
||